000 00636nam a2200193 i 4500
001 76383
003 ES-MaACL
005 20250831091514.0
007 t|
008 041001s1971 sp |||| | spa d
245 0 0 _aGuía anuario de centros de enseñanza primaria de la Iglesia
_b: 1971.
260 _a[Madrid :
_bEnseñanzas Medias de la Iglesia,
_c1971]
300 _a321 p. ;
_c30 cm.
650 4 _aEnseñanza católica-
_zEspaña-
_vDirectorios.
_9160910
650 4 _aEnseñanza primaria-
_zEspaña-
_yS.XX.
_9168652
710 2 _aEnseñanzas Medias de la Iglesia
_93477
852 _aES-MaACL
_jC-43285
999 _c76383
_d76383